000 00222 a2200097 4500
020 _a9788131265260
100 _aTHAKKER, C.K.
245 _aTAKWANI CRIMINAL PROCEDURE
250 _a5TH
260 _bGURGAON, LEXIS NXIS
_c2021
999 _c215441
_d215441